Journal of mycology and plant pathology (Record no. 82018)
[ view plain ]
| 000 -LEADER | |
|---|---|
| fixed length control field | 00784nas a22002297a 4500 |
| 005 - DATE AND TIME OF LATEST TRANSACTION | |
| control field | 20140121111325.0 |
| 006 - FIXED-LENGTH DATA ELEMENTS--ADDITIONAL MATERIAL CHARACTERISTICS--GENERAL INFORMATION | |
| fixed length control field | a|||||r|||| 00| 0 |
| 007 - PHYSICAL DESCRIPTION FIXED FIELD--GENERAL INFORMATION | |
| fixed length control field | ta |
| 008 - FIXED-LENGTH DATA ELEMENTS--GENERAL INFORMATION | |
| fixed length control field | 140121b xxu||||| |||| 00| 0 eng d |
| 022 ## - INTERNATIONAL STANDARD SERIAL NUMBER | |
| International Standard Serial Number | 0971-9393 Print |
| 022 ## - INTERNATIONAL STANDARD SERIAL NUMBER | |
| International Standard Serial Number | 0975-4180 (online) |
| 245 ## - TITLE STATEMENT | |
| Title | Journal of mycology and plant pathology |
| 260 ## - PUBLICATION, DISTRIBUTION, ETC. (IMPRINT) | |
| Place of publication, distribution, etc | Udaipur |
| Name of publisher, distributor, etc | Indian Society of Mycology and Plant Pathology |
| Date of publication, distribution, etc | 2013- |
| 300 ## - PHYSICAL DESCRIPTION | |
| Extent | v. |
| Dimensions | 26 cm (Pbk) |
| 310 ## - CURRENT PUBLICATION FREQUENCY | |
| Current publication frequency | Quarterly |
| 650 ## - SUBJECT ADDED ENTRY--TOPICAL TERM | |
| Topical term or geographic name as entry element | Mycology |
| 650 ## - SUBJECT ADDED ENTRY--TOPICAL TERM | |
| Topical term or geographic name as entry element | Plant pathology |
| 700 ## - ADDED ENTRY--PERSONAL NAME | |
| Personal name | Thakur, R.P. , ed. |
| 856 ## - ELECTRONIC LOCATION AND ACCESS | |
| Uniform Resource Identifier | <a href="www.connectjournals.com/jmpp">www.connectjournals.com/jmpp</a> |
| 270 ## - ADDRESS | |
| Address | Maharana Pratap University of Agriculture and Technology, Rajasthan College of Agriculture, Post Box 154, Department of Pathology |
| City | Udaipur |
| Postal code | 313001 |
| Public note | ismpp.org.in |
| 942 ## - ADDED ENTRY ELEMENTS (KOHA) | |
| Source of classification or shelving scheme | Dewey Decimal Classification |
| Item type | Periodicals |
| Serial record | 1 |
| Withdrawn status | Lost status | Source of classification or shelving scheme | Damaged status | Not for loan | Collection code | Home library | Current library | Date acquired | Total Checkouts | Date last seen | Price effective from | Koha item type |
|---|---|---|---|---|---|---|---|---|---|---|---|---|
| Dewey Decimal Classification | Not For Loan | Non-fiction | D.B.Act.Division | D.B.Act.Division | 21/01/2014 | 21/01/2014 | 21/01/2014 | Periodicals |
